| 000 | 00761cam a22002531 4500 | ||
|---|---|---|---|
| 001 | 35667 | ||
| 005 | 20230410101839.0 | ||
| 008 | 781208s1971 dr a b 000 0 spa | ||
| 035 | _9(DLC) 78414905 | ||
| 035 | _a860580 | ||
| 010 | _a 78414905 | ||
| 025 | _aLACAP73-0931 | ||
| 040 |
_aDLC _cDLC _dDLC |
||
| 043 | _anwhi--- | ||
| 050 | 1 | 4 |
_a118 BX 3513 _bN789c 1971 |
| 100 | 1 |
_aNolasco, Flérida de, _d1891-1976 |
|
| 245 | 1 | 0 |
_aClamor de justicia en la Española, 1502-1795 / _cFlérida de Nolasco. |
| 260 |
_aSanto Domingo : _bImpreso en la Editora del Caribe, _c1971. |
||
| 300 |
_a234 p. _billus. _c19 cm. |
||
| 504 | _aBibliography: p. 231-234. | ||
| 610 | 2 | 0 |
_aDominicans _zHispaniola. |
| 651 | 0 |
_aHispaniola _xChurch history. |
|
| 942 |
_2lcc _cbk |
||
| 999 |
_c14926 _d14926 |
||